Score 0/18 Timer 02:00
1 Play Today
Clue 4-Letter Word % Correct
Central part of the EarthCORE
97.8%
A group of musiciansBAND
96.3%
• Event attended by Cinderella •• BALL •
95.5%
Not covered with hairBALD
95%
• Cards dealt to a player •• HAND •
94.8%
Solid; difficultHARD
94.6%
Of great heightTALL
94.1%
Medieval entertainerBARD
91.1%
Glutton's desireMORE
89.6%
Clue 4-Letter Word % Correct
Domesticated, not wildTAME
88.9%
American sitcom '____ & Mindy'MORK
88.7%
Bit of campfire entertainmentTALE
88.2%
• Inviting word •• COME •
87%
Show ridicule forMOCK
82.7%
Word with 'piggy' or 'fog'BANK
79.8%
• Hunted birds and animals •• GAME •
79.6%
Brand of heavy truckMACK
78.5%
• Give support to •• BACK •
77%

Today's Daily Dose

You're not logged in!

Compare scores with friends on all Sporcle quizzes.
OR
Log In

Sporcle TV

Today on Sporcle TV


Watch our educational content, quiz creation guides, and fun videos on Sporcle TV.

Show Comments

Extras

Top Quizzes Today


Score Distribution

Paid Content

Your Account Isn't Verified!

In order to create a playlist on Sporcle, you need to verify the email address you used during registration. Go to your Sporcle Settings to finish the process.

Report this User

Report this user for behavior that violates our Community Guidelines.

Details: